| 000 | 00531nam a2200145 a 4500 | ||
|---|---|---|---|
| 008 | 120416s0000 ||||||||||||||||| || u | ||
| 020 | _a088385600X | ||
| 050 | _aQA 164.8 Pol | ||
| 100 | _aPolya, George | ||
| 245 | 1 | 0 | _aMathematical methods in science |
| 260 |
_aNew York _bThe Mathematical Association of America _c1977 |
||
| 300 | _axi, 234p. : ill. | ||
| 350 | _a0.00 | ||
| 995 |
_D0.00 _FCBU-MAIN LIBRARY (Kitwe) _H1 _I16.95 _M1 _UAVAILABLE _ZAnnex Low-Usage Collection |
||
| 999 |
_c50666 _d50666 |
||